000 00373 a2200133 4500
000 nam a22 7a 4500
100 _aSharma, Ram Sharan
110 _aSharma, Ram Sharan
245 _aBharatiya itihas ek punarvichar
250 _aLatest edition
260 _b Hindi Madhyam Karyanvaya Nideshalaya
264 _b Hindi Madhyam Karyanvaya Nideshalaya
942 _cBK
999 _c394666
_d394666